Implementación de un Data Warehouse para generar estrategias de valor en el área de avisos de ocasión para un medio de comunicación impreso de la ciudad de Guadalajara /

שמור ב:
מידע ביבליוגרפי
מחבר ראשי: Calderón Buenrostro, Erick René (autor)
פורמט: Tesis ספר
שפה:ספרדית
נושאים:
תגים: הוספת תג
אין תגיות, היה/י הראשונ/ה לתייג את הרשומה!

MARC

LEADER 00000nam^a2200000^a^4500
001 000175094
005 20250521000000.0
009 20260310101550.93
037 |a Acervo ITESO - Biblioteca 
041 |a ESP 
090 |a MIA. 10 
100 |a Calderón Buenrostro, Erick René  |e (autor) 
245 1 0 |a Implementación de un Data Warehouse para generar estrategias de valor en el área de avisos de ocasión para un medio de comunicación impreso de la ciudad de Guadalajara /  |c E.R. Calderón Buenrostro. 
264 |a Guadalajara, México :  |b edición de autor,  |c 2004 
300 |a 1 disco compacto de computadora 
336 |a datos para computadora  |b cod  |2 rdacontenido 
337 |a computadora  |b c  |2 rdamedio 
338 |a disco de computadora  |b cd  |2 rdasoporte 
502 |a ITESO Tesis de Maestría en Informática Aplicada 
649 |a XX 
650 |a Bases de Datos 
650 |a Proceso de Datos -  |x Administración 
650 |a Sistemas de Información 
650 |a Sistemas de Telecomunicación 
650 |a Comunicación en Red 
650 |a Automatización 
650 |a Computadoras 
650 |a Comunicaciones y Tránsito 
650 |a Solución de Problemas 
650 |a Informática 
650 |a Ingeniería Computacional 
650 |a Toma de Decisiones 
650 |a Planeación Estratégica 
650 |a Planeación Administrativa 
650 |a Prensa -  |x Administración 
650 |a Medios de Comunicación -  |x Administración 
650 |a Empresas -  |x Administración 
650 |a Administración del Producto 
650 |a Proceso Administrativo 
650 |a Ciencias Administrativas 
910 |a Fondo General 
920 |a Electrónicos - Tesis del ITESO en Disco 
905 |a 202 
901 |a 0500113147  |b IT2  |c STS  |u 20250521 
902 |a https://opac.biblio.iteso.mx/vufind/Record/000175094